LEADER 01256nas 2200397-a 450 001 996200250903316 005 20240413022350.0 035 $a(CKB)110978977276080 035 $a(CONSER)---87659030- 035 $a(EXLCZ)99110978977276080 100 $a20780313a19uu9999 --- a 101 0 $aeng 181 $ctxt$2rdacontent 182 $cc$2rdamedia 183 $acr$2rdacarrier 200 00$aBank news 210 $a[Kansas City, Mo.] $c[Bank News] 215 $a1 online resource 311 08$aPrint version: Bank news. 0005-5123 (DLC) 87659030 (OCoLC)3711863 517 1 $aBank news combining Mountain states banker 531 0 $aBank news 606 $aBanks and banking$vPeriodicals 606 $aBanks and banking$zUnited States$vPeriodicals 606 $aBanks and banking$2fast$3(OCoLC)fst00826867 607 $aUnited States$2fast$1https://id.oclc.org/worldcat/entity/E39PBJtxgQXMWqmjMjjwXRHgrq 608 $aPeriodicals.$2fast 608 $aPeriodicals.$2lcgft 615 0$aBanks and banking 615 0$aBanks and banking 615 7$aBanks and banking. 676 $a332.1/0973 906 $aJOURNAL 912 $a996200250903316 920 $aexl_impl conversion 996 $aBank news$92194092 997 $aUNISA